000 01217cam a2200289 i 4500
003 SA-RiAUC
005 20251119140141.0
008 251118q19001999le g 000 0 ara c
040 _aSA-JeALM
_bara
_cSA-RiAUC
_erda
082 0 4 _a258.2
090 _a258.2
_bش ر ن
100 1 _aالشرنوبي، عبد المجيد إبراهيم،
_dتوفي 1348 هجري
_eمؤلف.
245 1 0 _aشرح متن العشماوية للشرنوبي، المسمى، المحاسن البهية /
_cعبد المجيد الشرنوبي الأزهري.
246 3 3 _aالمحاسن البهية
264 1 _aكانوا,نيجيريا :
_bمكتبة ايوب،
_c2000
300 _a79 صفحة ؛
_c24 سم
336 _aنص
_btxt
_2rdacontent
_3كتاب
337 _aبدون وسيط
_bn
_2rdamedia
338 _aمجلد
_bnc
_2rdacarrier
650 7 _aالعبادات (فقه إسلامي)
_2aucsh
650 7 _aالفقه المالكي
_2aucsh
650 7 _aالفقه الإسلامي
_xمذاهب
_2aucsh
700 1 2 _aالعشماوي، عبد الباري الرفاعي،
_dقرن 10 هجري
740 0 2 _aمتن العشماوية.
942 _2ddc
_cBOOK
_n0
949 _aSA-JeALM
_d251118
_umohamedma123
_n1
999 _c13358
_d13358